000 00572nam a2200241Ia 4500
005 20260306145807.0
008 008 260114s9999 xx 000 0 eng d
020 _a9780748695638
037 _aEbook
040 _aCRL
040 _beng
040 _cCRL
041 _2eng
041 _aeng
084 _qCRL
245 0 _aIndependent Chinese Documentary
260 _bEdinburgh University Press
260 _c2015
650 _aCultural Studies
856 _uhttps://www.degruyter.com/isbn/9780748695638
942 _cEBOOK
999 _c1691115
_d1691115